LEADER 00684nam a2200193 i 4500 001 000000111905 003 CaOOAMICUS 005 20210305080521.0 008 030203n it u000 u ita u 013 $a84587 040 $aSeMil$bita 100 1 $aTaddei Ferretti, Cloe,$d<1932- >.$0(OLS)http://semarc/name/4296 245 10$aParte 1. 773 0 $aTaddei Ferretti, Cloe <1932- >$tRivelazione del nome divino.$d[S.l. : s.n., stampa 1994?]$w()8501 850 $aSeMil 852 $aSeMil$W1$xVenegono$y1$m4X IV 17/1$j67707$B67707$CSeMilBibl$Z2$F78105 $8L 961 $aOmaggio: Martini Card. Carlo Maria 996 $6245$aParte 1$9(OLS)http://semarc/title/49080 LEADER 00443nab a2200145 i 4500 001 000000272392 003 CaOOAMICUS 005 20180831164918.0 008 180831n xx uu u0 0und r 013 $a19979 040 $aSeMil$bita 245 10$a[vedi periodico]. 500 $aGennaio-Marzo 2009. 773 0 $tTeodoro Moneta.$dFirenze : Fondazione Spadolini Nuova Antologia, 2009.$w()185212 996 $6245$a[vedi periodico]$9(OLS)http://semarc/title/309439